| 000 | 00472nab a2200145Ia 4500 | ||
|---|---|---|---|
| 003 | ES-SlBCS | ||
| 005 | 20210601133829.0 | ||
| 008 | 140529s1999 xxu||||| |||| 00| 0 por d | ||
| 041 | _apor | ||
| 100 | 1 |
_aMuanis de Castro, Antonio Mauro _9210241 |
|
| 245 | 0 | 0 |
_aPascal: Paradoxo ou dialética _c Antonio Mauro Muanis De Castro |
| 600 | 1 | 4 |
_aPascal, Blaise _d, 1623-1662 _994305 |
| 773 | 0 |
_tPresença Filosofica _gvol. 23, nº. 1-2, 1999, págs. 110-115 _wRev966 |
|
| 942 | _cAR | ||
| 999 |
_c602798 _d602798 |
||